| 000 | 01396nam a2200361 i 4500 | ||
|---|---|---|---|
| 999 |
_c65595 _d65595 |
||
| 001 | 768714001 | ||
| 003 | CO-MdFUSB | ||
| 005 | 20200602121744.0 | ||
| 006 | a|||||r|||| 00| 0 | ||
| 007 | ta | ||
| 008 | 200331t1995 mau |||| |||| 00| 0 eng d | ||
| 020 | _a9780913573891 | ||
| 040 |
_aCO-MdFUSB _bspa _cCO-MdFUSB _dCO-MdFUSBC _erda |
||
| 041 | _aeng | ||
| 082 |
_223 _a909.009334 _bM442 |
||
| 100 |
_aMatthews, Victor. _eautor |
||
| 245 |
_aSocial world of ancient Israel, 1250-587 BCE _c/ Matthews, Victor , Don Benjamin. |
||
| 264 | 1 |
_aMassachusetts : _bHendrickson Publishers, _c[1995] |
|
| 264 | 4 | _c© 1995 | |
| 300 |
_a327 páginas _c; 24 cm |
||
| 336 |
_2rdacontent _atexto _btxt |
||
| 337 |
_2rdamedia _asin mediación _bn |
||
| 338 |
_2rdacarrier _avolumen _bnc |
||
| 500 | _aColección Dawn Christina Harrell | ||
| 505 | _aIntroducción: una antropología y la Biblia. -- El padre. -- La madre. -- El granjero. -- El pastor. -- La comadrona. -- El anfitrión y el extraño. -- El jefe. -- El tutor legal. -- El mayor. -- La viuda. -- El sabio y el necio. -- El monarca. -- La virgen. -- El sacerdote. -- El esclavo. -- El profeta. -- El legislador. -- El narrador. | ||
| 563 | _aRústico | ||
| 650 | 0 |
_95 _aSociología de la cultura |
|
| 651 | 7 |
_aIsrael _xHistoria |
|
| 700 |
_93222 _a Benjamin, Don. _eautor |
||
| 942 | _cBK | ||
| 945 | _aJTF-925 | ||